000 01018cab a2200265 4500
001 ABS67562
008 040301n2004 000 0 eng u
035 _a(Sirsi) u125249
100 _aJepps, J.
245 _aFinancial planning for landlords
260 _c2004
490 _aResidential Renting
_v(25) February 2004, 39-41(3)
520 _aConcentrates, in the first part of a four-part feature, on key issues relevant to the prospective and existing landlords in respect of their property investment. Examines the choice of business structure: sole trader; partnership; and limited liability company. Considers income tax and the distinction between tax avoidance by legal means and illegal tax evasion.
590 _aABS
650 _aFINANCIAL PLANNING
650 _aTAX EVASION
650 _aINCOME TAX
650 _aLANDLORDS
650 _aLIMITED LIABILITY PARTNERSHIPS
650 _aSOLE TRADERS
650 _aPARTNERSHIPS
650 _aTAX AVOIDANCE
690 _aTAXATION
942 _n0
999 _c74180
_d74180